Geography Quiz

Random Geography or City Quiz

What kind of personality is your City (Vers 2.0)? Quiz Stats

 Plays Quiz not verified by Sporcle

Challenge
Share
Tweet
Embed
Score 0/27 Timer 12:00
0 Plays Today
Description City % Correct
Floozy who works for a fashion mag at day and enjoys the beach in the evening. Can't imagine that life offers anything more important (except maybe transfering to the LA office)Sydney
93.5%
16-year old girl that HAS to have everything, from electronics to the latest fashion. Her parents used to give her the best food but she now fancies only burgersTokyo
84.9%
20-something Creative Media Consultant. He always appears busy, and his confident demeanour and unfaltering speech lead you to believe that he can´t be that completely talentlessLondon
83.9%
Contract killer without an ounce of mercy in his heart. Once a knife-wielding teenage street thug, he blew away the bosses hiring him to do their dirty work and now runs the showMoscow
83.9%
Wise old man, completely desparate with what his people have done with him. Still able to enjoy the lifeAthens
78.5%
Rapier-thin society couple in their late twenties, him a svelte, sexy, feral-looking number with a wispy goatee, she a wasp-waisted bottle-blond in next week's must-have frockNew York
77.4%
Fifty year old man dressed in suit (not a designer's one but he wishes it was) with a suitcase and sun glasses, cellphone in hand, sun-bed suntanned, as fake as its appearanceBuenos Aires
67.7%
A fifty year old woman who is distant and looks beautiful but cold (not so beautiful when she takes off all her make-up and her false breasts). Astonishingly popularParis
67.7%
Like Liz Taylor, gone through it allBerlin
66.7%
The disgrace of the neighbourhood. Abuses his family and doesn´t care at all what people are sayingPyongyang
64.5%
An old drag queen that's all dressed up with nowhere to goSan Francisco
62.4%
Hardened gangster with eyepatch and evil grin who's had a tough upbringing, he'll cut your throat for a buck. Equally comfortable in either a leather jacket or a $500 suitJohannesburg
62.4%
Environmentalist, who cannot accept unacceptable salmon runs that keep dwindling. Long hair and a laid back attitude while watching the mariners with a local microbrewed beerSeattle
58.1%
Farmer's son who has gone away to University and still yearns deep down for the simplicity of rural life like a good beer but knows he can never go backDublin
57%
Description City % Correct
Old pimp on his death bed. Still holding lavish parties once in a great while, but unable to hold on to all his hos. Mostly used and abused, drugged up, and violent if messed withDetroit
54.8%
Quiet pious on the outside, but wait until the evening comes...Rome
52.7%
Much older sister that you really never knew while you were growing up. Distant and seemingly secretive, appears to have knowledge of her older years, but won't share it with youVienna
51.6%
50 year old man who was a travelling hippie in younger days and still feels like he is 20 years old. Spends his time in cafes, smoking self-rolled cigarettes and other stuffAmsterdam
48.4%
The oldest chap in town and still worth talking to him for his stories alone, although it can get quite stressful if you engage with himCairo
48.4%
The new kid on the block who wants to impress everyone so is going to do it as stylish and as big / outrageous as possible. Has just discovered that life isn´t just a big partyDubai
46.2%
Tie-wearing manager - even on Sunday, working in the banking business. His children, however, need to compensate by drifting into the alternative sceneZurich
44.1%
40-something athlete that is used to all the attention but doesn't realize that all the fans don't think he is as great as he himself doesToronto
40.9%
Middle-aged woman, not sure of her identity. Knows several languages, so all neighbours exploit her for their own advantage. Has always trouble with authoritiesBrussels
39.8%
...is a stripper with a heart of goldLos Angeles
34.4%
Middled aged lady, very well to do thanks to her husband´s job at the bank and with plenty of time to drink tea and nibble on scones while gossiping with her friendsEdinburgh
24.7%
Wealthy middle aged always traveling aunt. You don't remember ever meeting her, but you've seen countless pictures where she's always smiling with a glass of champagne in her handMonaco
16.1%
70 years old man who was a sex symbol - jet set-latin lover years ago. Now he has lost his youth, a pot belly, wrinkled face, golden tooth, grey hair and a broken bank accountAcapulco
9.7%

You're not logged in!

Compare scores with friends on all Sporcle quizzes.
Join for Free
OR
Log In

You Might Also Like...

Show Comments

Extras

Top Quizzes Today


Score Distribution

Your Account Isn't Verified!

In order to create a playlist on Sporcle, you need to verify the email address you used during registration. Go to your Sporcle Settings to finish the process.

Report this User

Report this user for behavior that violates our Community Guidelines.

Details: